[Event "IND-ch Challengers (Women) 43rd"]
[Site "Chennai"]
[Date "2016.06.22"]
[Round "8"]
[White "Sahajasri, Cholleti"]
[Black "Prabhugaonkar, Aditee Aman"]
[Result "1-0"]
[WhiteElo "1969"]
[BlackElo "1781"]
[PlyCount "95"]
[EventDate "2016.06.17"]
[EventType "swiss"]
[EventRounds "11"]
[EventCountry "IND"]
[SourceTitle "CBM 173 Extra"]
[Source "ChessBase"]
[SourceDate "2016.08.29"]
[SourceVersion "1"]
[SourceVersionDate "2016.08.29"]
[SourceQuality "1"]

1. d4 Nf6 2. c4 g6 3. Nc3 d5 4. cxd5 Nxd5 5. e4 Nxc3 6. bxc3 Bg7 7. Nf3 c5 8. Be3 Bg4 9. Be2 Nc6 10. e5 Qa5 11. 0-0 0-0 12. Qb3 Qc7 13. h3 Be6 14. Qa3 b6 15. Ng5 Qd7 16. Nxe6 Qxe6 17. Bf3 cxd4 18. cxd4 Qd7 19. Rac1 Rac8 20. Bxc6 Rxc6 21. Rxc6 Qxc6 22. Qxe7 Qa4 23. a3 Re8 24. Qb4 Qa6 25. a4 Rc8 26. Qb5 Qb7 27. a5 Rb8 28. axb6 Qxb6 29. Qxb6 axb6 30. Rb1 Kf8 31. Rb5 Ke7 32. f4 Kd7 33. d5 Kc7 34. Kf2 h5 35. g4 hxg4 36. hxg4 g5 37. Kf3 gxf4 38. Kxf4 Rb7 39. Kf5 Bh8 40. g5 Bg7 41. e6 fxe6+ 42. Kxe6 Bc3 43. d6+ Kc6 44. Rxb6+ Rxb6 45. Bxb6 Kxb6 46. d7 Kc7 47. Ke7 Bb4+ 48. Ke8 1-0

[Event "IND-ch U17 Girls"]
[Site "Bengaluru"]
[Date "2015.10.08"]
[Round "8"]
[White "Toshali, V."]
[Black "Prabhugaonkar, Aditee Aman"]
[Result "1/2-1/2"]
[WhiteElo "1826"]
[BlackElo "1664"]
[PlyCount "104"]
[EventDate "2015.10.03"]
[EventType "swiss"]
[EventRounds "11"]
[EventCountry "IND"]
[SourceTitle "CBM 168 Extra"]
[Source "ChessBase"]
[SourceDate "2015.10.29"]
[SourceVersion "1"]
[SourceVersionDate "2015.10.29"]
[SourceQuality "1"]

1. Nc3 e5 2. h3 Nf6 3. d3 Nc6 4. Nf3 Bb4 5. a3 Bxc3+ 6. bxc3 d5 7. e3 0-0 8. d4 Qd6 9. Be2 Ne4 10. Bb2 exd4 11. cxd4 Qg6 12. Kf1 Ne7 13. Nd2 f5 14. g3 Be6 15. Nf3 Qh6 16. Kg2 Ng6 17. Ne5 Nxe5 18. dxe5 Qg5 19. h4 Qe7 20. Bd4 c5 21. Bb2 c4 22. a4 Qc7 23. Ba3 Rfd8 24. Qd4 Qa5 25. Bb2 c3 26. Ba3 Rdc8 27. Bd3 Nd2 28. Qf4 d4 29. exd4 Bd5+ 30. Kh2 Bxh1 31. Rxh1 Qd5 32. Qxf5 g6 33. Qf4 Nf3+ 34. Kh3 Nxd4 35. Rd1 Qe6+ 36. Kh2 Qd5 37. Be4 Qd7 38. e6 Nxe6 39. Qg4 Qf7 40. Rd6 Qxf2+ 41. Kh3 Ng7 42. Bxb7 Re8 43. Bxa8 Rxa8 44. Qc4+ Kh8 45. Rd1 Qf5+ 46. Qg4 Qxc2 47. Rd7 Qf2 48. Rc7 Qf1+ 49. Kh2 Re8 50. Rc8 Qf2+ 51. Kh3 Qf7 52. Rxe8+ Qxe8 1/2-1/2

[Event "Wch U12 Girls"]
[Site "Al Ain"]
[Date "2013.12.27"]
[Round "10"]
[White "Prabhugaonkar, Aditee Aman"]
[Black "Du Toit, Stephanie"]
[Result "1-0"]
[WhiteElo "1477"]
[BlackElo "1661"]
[PlyCount "45"]
[EventDate "2013.12.18"]
[EventType "swiss"]
[EventRounds "11"]
[EventCountry "UAE"]
[SourceTitle "CBM 158 Extra"]
[Source "ChessBase"]
[SourceDate "2014.02.28"]
[SourceVersion "1"]
[SourceVersionDate "2014.02.28"]
[SourceQuality "1"]

1. e4 e5 2. Nf3 Nc6 3. d4 exd4 4. Nxd4 Bb4+ 5. c3 Bc5 6. Be3 Bb6 7. Bc4 Nge7 8. 0-0 0-0 9. Nd2 d5 10. Bb3 Nxd4 11. cxd4 dxe4 12. Nxe4 Nf5 13. Ng5 Nxd4 14. Qh5 h6 15. Nxf7 Rxf7 16. Bxf7+ Kf8 17. Bxd4 Bxd4 18. Rae1 Bd7 19. Bc4 Be8 20. Qf5+ Qf6 21. Qh7 Bf7 22. Qh8+ Bg8 23. Qxg8# 1-0

[Event "Wch U12 Girls"]
[Site "Al Ain"]
[Date "2013.12.20"]
[Round "3"]
[White "Prabhugaonkar, Aditee Aman"]
[Black "Nastase, Andreea Cristina"]
[Result "1/2-1/2"]
[WhiteElo "1477"]
[BlackElo "1707"]
[PlyCount "60"]
[EventDate "2013.12.18"]
[EventType "swiss"]
[EventRounds "11"]
[EventCountry "UAE"]
[SourceTitle "CBM 158 Extra"]
[Source "ChessBase"]
[SourceDate "2014.02.28"]
[SourceVersion "1"]
[SourceVersionDate "2014.02.28"]
[SourceQuality "1"]

1. e4 c5 2. b4 e6 3. bxc5 Bxc5 4. d4 Bb6 5. Nf3 Qc7 6. Bd3 Nc6 7. c3 Nge7 8. 0-0 d5 9. e5 Na5 10. Qe2 Bd7 11. Ba3 Rc8 12. Bd6 Qd8 13. h3 Nc4 14. Bxc4 Rxc4 15. Nfd2 Rc8 16. Nb3 Nf5 17. Ba3 a6 18. Qf3 Bb5 19. Re1 Qg5 20. Qg4 Qxg4 21. hxg4 Ne7 22. Nc5 Rc7 23. Re3 Bxc5 24. Bxc5 Ba4 25. Nd2 Bc2 26. Rc1 Bg6 27. c4 dxc4 28. Nxc4 0-0 29. Bxe7 Rxe7 30. Nd6 h6 1/2-1/2